NLSUI OPAC header image

IUCN commission on environmental law streeting committee meeting (Record no. 35865)

MARC details
000 -LEADER
fixed length control field 00460nam a2200157Ia 4500
008 - FIXED-LENGTH DATA ELEMENTS--GENERAL INFORMATION
fixed length control field 160316s1999 xxu||||| |||| 00| 0 eng d
082 ## - DEWEY DECIMAL CLASSIFICATION NUMBER
Classification number 344.046000
Item number IUC
100 ## - MAIN ENTRY--PERSONAL NAME
Personal name
245 ## - TITLE STATEMENT
Title IUCN commission on environmental law streeting committee meeting
250 ## - EDITION STATEMENT
Edition statement
260 ## - PUBLICATION, DISTRIBUTION, ETC.
Place of publication, distribution, etc. Germany
Name of publisher, distributor, etc. IUCN - THe World Conservation Union
Date of publication, distribution, etc. 1999
300 ## - PHYSICAL DESCRIPTION
Extent 301
Other physical details
Dimensions
365 ## - TRADE PRICE
Price amount
650 ## - SUBJECT ADDED ENTRY--TOPICAL TERM
Topical term or geographic name entry element 1. Environmental law<br/>2. Legal status<br/>3. Nature protection<br/>
700 ## - ADDED ENTRY--PERSONAL NAME
Personal name
--
Holdings
Withdrawn status Lost status Damaged status Not for loan Home library Current library Shelving location Date acquired Total Checkouts Full call number Barcode Date last seen Price effective from Koha item type
        . .   30.05.2017   344.046 IUC REP11871 30.05.2017 30.05.2017 Repository